000 00747nam a2200217Ia 4500
003 IN-BaIIA
008 211028s9999 xx s 000 0 eng d
020 _a978-2-7598-0997-4 (Online)
022 _a1633-4760 (Print)
022 _a1638-1963 (Online)
040 _cIIA Library
100 _aKervella, P., ed.
_938233
245 0 _aBetelgeuse Workshop 2012 The Physics of Red Supergiants: Recent Advances and Open Questions
_h[eBook]
260 _aFrance
_bEDP Sciences
_c2013
300 _a316p.
490 _aEAS Publications Series
700 _aLe Bertre, T.
_938234
700 _aPerrin, G.
_938235
856 _uhttps://www.eas-journal.org/articles/eas/abs/2013/02/contents/contents.html
_yClick Here to Access eBook
942 _cEB
999 _c20654
_d20654